000 00583nam a22002057a 4500
003 OSt
005 20260422035640.0
008 260422b |||||||| |||| 00| 0 eng d
020 _a971-8581-57-x.
040 _aDWC-Main Lib.
_cOC
082 _aFil. 160 F431 2003
100 _aGajete, Nestor P.
245 _aLogic:
_ba deductive approach/
_cNestor P. Gajete
260 _aQ.C.:
_bGreat Books Trading,
_cc2003.
300 _a90 p. ;
_c22 cm.
650 _a1. Logic.
700 _aBhagwan, Ernile T.
700 _aFetizanan, Lysander L.
942 _2ddc
_cBK - FIL
_hFil.
_n0
999 _c9665
_d9665